000 01159nam a22003257a 4500
001 BR8001834
003 BR-BrBNA
005 20230928090550.0
007 ta
008 230509b bl.||||| |||| 00| 0 por d
040 _aBR-BrBNA
_bpor
_cBiblioteca Nacional de Agricultura
041 _a(Por)
072 _aQ10; E70
_b9910
_b/G514
090 _ 9910 BR8001834
110 1 _aAssociacao Brasileira da Industria de Torrefacao e Moagem de Cafe, Rio de Janeiro, RJ
111 1 _a6. Congresso Brasileiro da Industria de Torrefacao e Moagem de Cafe
_cSalvador, BA (Brazil)
_d8 Oct 1979
245 1 _aAnais do 6. CONCAFE [Congresso Brasileiro da Industria de Torrefacao e Moagem do Cafe; Coffea arabica]
246 1 _a[Annals of the 6. CONCAFE [Brazilian Congress of Coffee Torrefaction and Grinding Industry; Coffea arabica]]
260 3 _aRio de Janeiro, RJ (Brasil):
_c1979.
300 _a120 p.
650 _aTecnologia de alimento
650 _aComercializacao
650 _aPreco
650 _aIndustria alimenticia
650 _aTorrefacao
650 _aMoagem
650 _aConsumo
909 _a202309
_bLucia
_c55
_dLucia Elande
942 _cBK
999 _c29383
_d29383